WinBase602 : Příručka uživatele

Gespeichert in:
Bibliographische Detailangaben
Format: Buch
Sprache:Tschechisch
Veröffentlicht: b.m. : Software602, [1996]
Schlagworte:
Tags: Tag hinzufügen
Keine Tags, Fügen Sie das erste Tag hinzu!

MARC

LEADER 00000nam a22000003a 4500
001 stu45481
005 20150408180300.5
008 960911s1996----cs------------------cze-d
040 |a STU  |b slo 
041 0 |a cze 
044 |a cs 
080 |a 681.3.06 
245 |a WinBase602 :  |b Příručka uživatele 
260 |a b.m. :  |b Software602,  |c [1996] 
300 |a 411 s 
650 7 |a Systémy databázové:WinBase602  |2 stusub 
650 7 |a WinBase602  |2 stusub 
650 7 |a systémy databázové  |2 stusub 
996 |b 284M025449  |c M*9396/4-1  |l MMKN  |s A  |a 24  |w stu45481_0001